书目信息 |
| 题名: |
魏碑自学教程
|
|
| 作者: | 黄全信, 编著 | |
| 分册: | ||
| 出版信息: | 北京 华语教学出版社 2019 |
|
| 页数: | 152页 | |
| 开本: | 29cm | |
| 丛书名: | 中国书法自学丛书 | |
| 单 册: | ||
| 中图分类: | J292.113.3 | |
| 科图分类: | ||
| 主题词: | 楷书--kai shu--书法--中国--教材 | |
| 电子资源: | ||
| ISBN: | 978-7-5138-1671-7 | |
| 000 | 01646nam 2200289 450 | |
| 001 | 012001009276 | |
| 005 | 20140101092850.0 | |
| 010 | @a978-7-5138-1671-7@dCNY69.00 | |
| 099 | @aCAL 012019067362 | |
| 100 | @a20190523d2019 em y0chiy50 ea | |
| 101 | 0 | @achi@aeng |
| 102 | @aCN@b110000 | |
| 105 | @ah z 000yy | |
| 106 | @ar | |
| 200 | 1 | @a魏碑自学教程@Awei bei zi xue jiao cheng@d= A self-study course in Wei stone inscriptions@f黄全信编著@zeng |
| 210 | @a北京@c华语教学出版社@d2019 | |
| 215 | @a152页@c摹真@d29cm | |
| 225 | 2 | @a中国书法自学丛书@Azhong guo shu fa zi xue cong shu |
| 314 | @a黄全信,北京师大附中美术、书法高级教师,北京书法家协会会员 | |
| 330 | @a“中国书法自学丛书”是黄全信老师集四十年学习书法的体会和三十年书法教学的经验,专门为英语为母语的外国人编写的汉字书法自学书教程。全丛书共分六册:《篆书自学教程》、《隶书自学教程》、《楷书自学教程》、《魏碑自学教程》、《行书自学教程》、《草书自学教程》。每册均由书体简介入手,包括笔法、笔画、部首、结构、章法、创作、临摹、欣赏等章节。由浅入深、循序渐进,可使初学者入门,也可使入门者提高。《中国书法自学丛书》既有标准的书体范字,又有系统自学的理论说明,全部文字均中英对照,版式安排巧妙,文字说明与书法字帖图文并茂,既能使外国读者欣赏领悟书法之美、提高汉字文化修养,又能使外国读者临摹练习、加深功力,力争为外国读者练习中国书法时助其一臂之力,取得事半功倍的效果。 | |
| 410 | 0 | @12001 @a中国书法自学丛书 |
| 510 | 1 | @aSelf-study course in Wei stone inscriptions@zeng |
| 606 | 0 | @a楷书@Akai shu@x书法@y中国@x教材 |
| 690 | @aJ292.113.3@v5 | |
| 701 | 0 | @a黄全信,@Ahuang quan xin@f1944-@4编著 |
| 801 | 0 | @aCN@b上海新华@c20191020 |
| 905 | @b1187577-80@dJ292.113.3@e620@f4 | |
| 魏碑自学教程= A self-study course in Wei stone inscriptions/黄全信编著.-北京:华语教学出版社,2019 |
| 152页:摹真;29cm.-(中国书法自学丛书) |
| ISBN 978-7-5138-1671-7:CNY69.00 |
| “中国书法自学丛书”是黄全信老师集四十年学习书法的体会和三十年书法教学的经验,专门为英语为母语的外国人编写的汉字书法自学书教程。全丛书共分六册:《篆书自学教程》、《隶书自学教程》、《楷书自学教程》、《魏碑自学教程》、《行书自学教程》、《草书自学教程》。每册均由书体简介入手,包括笔法、笔画、部首、结构、章法、创作、临摹、欣赏等章节。由浅入深、循序渐进,可使初学者入门,也可使入门者提高。《中国书法自学丛书》既有标准的书体范字,又有系统自学的理论说明,全部文字均中英对照,版式安排巧妙,文字说明与书法字帖图文并茂,既能使外国读者欣赏领悟书法之美、提高汉字文化修养,又能使外国读者临摹练习、加深功力,力争为外国读者练习中国书法时助其一臂之力,取得事半功倍的效果。 |
| ● |
| 相关链接 |
|
|
|
|
正题名:魏碑自学教程
索取号:J292.113.3/620
 
预约/预借
| 序号 | 登录号 | 条形码 | 馆藏地/架位号 | 状态 | 备注 |
| 1 | 1187577 | 211875773 | 第一样本阅览室/ [索取号:J292.113.3/620] | 在馆 | |
| 2 | 1187578 | 211875782 | 第一借阅区/ [索取号:J292.113.3/620] | 在馆 | |
| 3 | 1187579 | 211875791 | 第一借阅区/ [索取号:J292.113.3/620] | 在馆 | |
| 4 | 1187580 | 211875808 | 第一借阅区/ [索取号:J292.113.3/620] | 在馆 |